| 000 | 00986nam a2200361 a 4500 | ||
|---|---|---|---|
| 003 | AR-BaBNM | ||
| 005 | 20251128203318.0 | ||
| 008 | 082120s2002 ||||||||||||||000 | spa|| | ||
| 020 | _a84-7100-512-3 | ||
| 040 | _cAR-BaBNM | ||
| 100 | 1 | _aSánchez Bella, Ismael | |
| 245 | 0 | 0 | _aHistoria del derecho indiano |
| 250 | _a1ª ed. | ||
| 260 |
_aMadrid _bMapfre _c1992 |
||
| 300 |
_a407 p. _btablas |
||
| 490 | 0 |
_aRelaciones entre España y América _vv. 11 |
|
| 504 | _aBibliografía para consultar al finalizar cada capítulo | ||
| 650 | 4 | _aSOCIEDAD | |
| 650 | 4 | _aLIBERTAD | |
| 650 | 4 | _aCIVILIZACION | |
| 650 | 4 | _aCOMERCIO | |
| 650 | 4 | _aHISTORIA DE LAS RELIGIONES | |
| 650 | 4 | _aHISTORIA POLITICA | |
| 650 | 4 | _aDERECHO | |
| 650 | 4 | _aDERECHO MARITIMO | |
| 651 | 4 | _aEspaña | |
| 651 | 4 | _aAmérica Latina | |
| 700 | 1 | _aHera, Alberto de la | |
| 700 | 1 | _aDíaz Rementería, Carlos | |
| 800 | 1 |
_aGallego, José Andrés _ecoordinador |
|
| 942 | _cBK | ||
| 998 | _cmariana | ||
| 999 |
_c2843 _d2843 |
||